• 首页
  • 本馆介绍
  • 公告通知
  • 最新文献
  • 馆藏检索
  • 电子资源
  • 读者导购
  • 参考咨询
  • 我的图书馆
  • 登录
  • 详细信息显示
  • 放入我的书架
  • 预约/预借图书
  • 作者相关作品
  • 分类相关作品
  • 丛书相关作品
  • 出版社相关作品

书目信息

  • 表格格式
  • 工作单格式
  • 卡片格式
题名:
测度论
    
 
作者: Halmos 著 ;王建华 译
分册:  
出版信息: 北京   科学出版社  1958
页数: 319页
开本: 21cm
丛书名:
单 册:
中图分类: O174.12
科图分类:
主题词: 数学分析
电子资源:
ISBN:
000 00510nam0 2200193 45
001 0405201609
005 20060808102147.95
010    @dCNY1.90
100    @a20040520d1958 km y0chiy0120 ea
101 0  @achi
200 1  @a测度论@ACe Du Lun@fPaul R.Halmos著@FPaul R.Halmos Zhu@g王建华译
210    @a北京@c科学出版社@d1958
215    @a319页@d21cm
606 0  @a数学分析
690    @aO174.12@v3
701  0 @aHalmos@4著
702  0 @a王建华@AWang Jian Hua@4译
801    @aCN@bPftUser@c20060808
905    @dO174.12@e32
    
    测度论/Paul R.Halmos著/王建华译.-北京:科学出版社,1958
    319页;21cm
    
    
    ISBN :CNY1.90
    
●
相关链接 在E读中查询图书 在五车中查询图书 在当当中查询图书 在豆瓣中查询图书


正题名:测度论     索取号:O174.12/32         预约/预借

序号 登录号 条形码 馆藏地/架位号 状态 备注
1 0035224   000884403   第二样本阅览室/ [索取号:O174.12/32] 在馆    
2 0431845   204318452   密集书库/ [索取号:O174.12/32] 在馆    
3 0443201   204432015   密集书库/ [索取号:O174.12/32] 在馆    
4 0449770   204497703   密集书库/ [索取号:O174.12/32] 在馆    
唐山师范学院图书馆 欢迎您!
大连网信软件有限公司© 版权所有